000
00254nam a2200109Ia 4500
008
190216s9999||||xx |||||||||||||| ||und||
100
_a
Somerst Maugham W
245
4
_a
The Magicine
260
_b
Pocket Books Publishers
650
_a
English
942
_c
BK
999
_c
12275
_d
12275